| 000 | 01439nam a2200361Ia 4500 | ||
|---|---|---|---|
| 001 | ebr10716614 | ||
| 003 | CaPaEBR | ||
| 006 | m o u | ||
| 007 | cr cn||||||||| | ||
| 008 | 130318s2013 cau sb 001 0 eng d | ||
| 010 | _z 2013005849 | ||
| 020 | _z9781118123737 (pbk.) | ||
| 020 | _z9781118224755 (ebook) | ||
| 040 |
_aCaPaEBR _cCaPaEBR |
||
| 035 | _a(OCoLC)837924656 | ||
| 050 | 1 | 4 |
_aLB1044.87 _b.P34 2013eb |
| 082 | 0 | 4 |
_a371.33/44678 _223 |
| 100 | 1 |
_aPalloff, Rena M., _d1950- |
|
| 245 | 1 | 0 |
_aLessons from the virtual classroom _h[electronic resource] : _bthe realities of online teaching / _cRena M. Paloff, Keith Pratt. |
| 250 | _a2nd ed. | ||
| 260 |
_aSan Francisco, CA : _bJossey-Bass, _cc2013. |
||
| 300 | _axxi, 247 p. | ||
| 490 | 0 | _aThe Jossey-Bass higher and adult education series | |
| 504 | _aIncludes bibliographical references and index. | ||
| 533 |
_aElectronic reproduction. _bPalo Alto, Calif. : _cebrary, _d2013. _nAvailable via World Wide Web. _nAccess may be limited to ebrary affiliated libraries. |
||
| 650 | 0 | _aDistance education. | |
| 650 | 0 | _aWeb-based instruction. | |
| 655 | 7 |
_aElectronic books. _2local |
|
| 700 | 1 |
_aPalloff, Rena M., _d1950- _tLessons from the cyberspace classroom. |
|
| 700 | 1 |
_aPratt, Keith, _d1947- |
|
| 710 | 2 | _aebrary, Inc. | |
| 856 | 4 | 0 |
_uhttp://site.ebrary.com/lib/rucke/Doc?id=10716614 _zAn electronic book accessible through the World Wide Web; click to view |
| 999 |
_c40245 _d40245 |
||